| 000 | 00737nam a22002177a 4500 | ||
|---|---|---|---|
| 003 | OSt | ||
| 008 | 260305b2022 |||||||| |||| 00| 0 eng d | ||
| 020 | _a9781800815155 | ||
| 082 |
_a303.4834 _bSIL-T |
||
| 100 | _aSilver, Jeremy | ||
| 245 |
_aTowards a digital renaissance : _bthe evolution of creativity, values and business from cyberspace to the metaverse / _cJeremy Silver |
||
| 260 |
_aLondon : _bProfile Editions, _c2022. |
||
| 300 | _a280 p. ; | ||
| 650 | _aDigital transformation | ||
| 650 | _aInformation technology Social aspects | ||
| 650 | _aCreative industries Technological innovations | ||
| 650 | _aVirtual reality Social aspects | ||
| 650 | _aMetaverse | ||
| 650 | _aTechnology and civilization | ||
| 942 |
_2ddc _cBK |
||
| 999 |
_c21587 _d21587 |
||